000 00583nam a2200217Ia 4500
001 13867
003 GE_BSU
008 181216s||||||||xx |||||||||||||| ||und||
020 _a0002190699
040 _cGE_BSU
080 _a581.6
245 4 _aThe Wild Flowers of Britan and Northern Europe.
245 _cText by Richard Fitter,Alastair Fitter.Illustrated by Marjorie Blamey.
260 _aLondon.
260 _bCollins Sons & Co Ltd.
260 _c1974
300 _a336p;18cm.
300 _bill.
653 _aThe Wild Flowers of Britan and Northern Europe.
942 _cBK
999 _c47011
_d47011